Rabindranath Tagore : (Record no. 58082)

MARC details
000 -LEADER
fixed length control field 01940nam a22003017a 4500
005 - DATE AND TIME OF LATEST TRANSACTION
control field 20111103163218.0
010 ## - LCCN (DPL NO)
LC control number ENG-104024 B-459179-183
020 ## - INTERNATIONAL STANDARD BOOK NUMBER
International Standard Book Number 9788124116333
Terms of availability 495.00
035 ## - SYSTEM CONTROL NUMBER
System control number EN-87557 B-459179-183
037 ## - SOURCE OF ACQUISITION
Source of stock number/acquisition DBAD/PUB
037 ## - SOURCE OF ACQUISITION
Source of stock number/acquisition Allied Pub/Ven
082 ## - DEWEY DECIMAL CLASSIFICATION NUMBER
Classification number 863.092
100 ## - MAIN ENTRY--PERSONAL NAME
Personal name Moulik, Achala
245 ## - TITLE STATEMENT
Title Rabindranath Tagore :
Statement of responsibility, etc by Achala Moulik
Remainder of title a man for all times /
260 ## - PUBLICATION, DISTRIBUTION, ETC. (IMPRINT)
Place of publication, distribution, etc New Delhi
Name of publisher, distributor, etc Har-Anand Publications
Date of publication, distribution, etc 2011
270 ## - ADDRESS
Address E-49/3, Okhla Industrial Area, Phase-II
City New Delhi
Postal code 110020
300 ## - PHYSICAL DESCRIPTION
Extent 192p.
Dimensions 22cm (Hb)
500 ## - GENERAL NOTE
General note Includes bibliographical references and index
700 ## - ADDED ENTRY--PERSONAL NAME
9 (RLIN) 35668
942 ## - ADDED ENTRY ELEMENTS (KOHA)
Source of classification or shelving scheme Dewey Decimal Classification
Item type English Books
Classification part 863.092
Call number suffix TAG
Holdings
Withdrawn status Lost status Not for loan Collection code Home library Current library Date acquired Source of acquisition Cost, normal purchase price Full call number Barcode Copy number Cost, replacement price Koha item type
  Lost and Paid For   Non-fiction Central Library Central Library 17/05/2012 Allied Pub/1786/25.01.2012/27/18.01.2012/06.02.2012 495.00 863.092 TAG B-459179 1 495.00 English Books
    Not For Loan Non-fiction D.B.Act.Division D.B.Act.Division 03/11/2011 DBAD/PUB 495.00 863.092 TAG EN-87557 1 495.00 English Books
      Non-fiction Karol Bagh Karol Bagh 17/05/2012 Allied Pub/1786/25.01.2012/27/18.01.2012/06.02.2012 495.00 863.092 TAG B-459182 1 495.00 English Books
      Non-fiction Patel Nagar Patel Nagar 17/05/2012 Allied Pub/1786/25.01.2012/27/18.01.2012/06.02.2012 495.00 863.092 TAG B-459180 1 495.00 English Books
      Non-fiction Sarojini Nagar Sarojini Nagar 17/05/2012 Allied Pub/1786/25.01.2012/27/18.01.2012/06.02.2012 495.00 863.092 TAG B-459181 1 495.00 English Books
      Non-fiction Shahdara Branch Shahdara Branch 17/05/2012 Allied Pub/1786/25.01.2012/27/18.01.2012/06.02.2012 495.00 863.092 TAG B-459183 1 495.00 English Books

© Delhi Public Library
Hit Counter
free hit counter